| 000 | 00616nam a2200169Ia 4500 | ||
|---|---|---|---|
| 003 | GCL | ||
| 008 | 140319s9999 xx 000 0 ara d | ||
| 040 |
_aGCL / _cGCL |
||
| 082 | 0 | 4 |
_a812.043 _bج ب |
| 100 | 1 | _aجمال محمد سالم بالمعى | |
| 245 | 1 | 0 |
_aبهلول والوجه الاخر / _cجمال محمد سالم بالمعى |
| 260 |
_aالقاهرة : _bالهيئة المصرية العامة للكتاب ، _c1995 |
||
| 300 |
_a141 ص ؛ _c16 سم |
||
| 490 |
_aمسابقة تيمور للابداع المسرحى _v0 |
||
| 650 | 0 | 4 | _aالمسرحيات العربية |
| 942 |
_2ddc _cBK |
||
| 999 |
_c33235 _d33235 |
||